🍷 Pays d’origine de la boisson (alcool) - Statistiques

Statistiques générales
  • Ce quiz a Ă©tĂ© pris 237 fois
  • Le rĂ©sultat moyen est 9 sur 20
Statistiques - réponses
Boisson Pays d’origine traditionnel % Correct
Saké Japon
96%
Tequila Mexique
96%
Porto Portugal
88%
Sangria Espagne
84%
Limoncello Italie
83%
Chartreuse France
80%
Żubrówka Pologne
61%
Gin Royaume-Uni
49%
Bourbon États-Unis
47%
Baijiu Chine
40%
Ouzo Grèce
36%
Cachaça Brésil
35%
Soju Corée du Sud
30%
Grappa Italie
26%
Rakı Turquie
23%
Shochu Japon
17%
Pisco Pérou
15%
Slivovitz Serbie
9%
Aquavit Danemark
7%
Arrack Indonésie
3%
Aucun quiz correspondant
Distribution des résultats
% des personnes avec chaque résultat
Percentile par nombre de réponses
Votre historique - résultats
Vous n’avez pas pris ce quiz